000 00286nam a22001337a 4500
020 _a978-8131808146
041 _aENG
100 _aBansal .R.K
245 _aA Text Book Of Strength Of Materials
260 _aDelhi
_bLaxmi Pub
_c1995
300 _a31076
650 _aFS
856 _uFS
999 _c825
_d825